| 000 | 00929cam a2200193 i 4500 | ||
|---|---|---|---|
| 005 | 20251125102522.0 | ||
| 008 | 250721s2003 ua gr 000 0 ara d | ||
| 082 | 1 | 4 |
_a213.63 _bح ن ف |
| 100 | 1 |
_aالحنفي، نوح بن مصطفى _eمؤلف. |
|
| 245 | 1 | 2 |
_aالقول الدال على حياة الخضر وووجود الأبدال / _cتأليف الشيخ الامام العالم العلامة والبحر الفهامة نوح بن مصطفى الحنفي ؛ تحقيق د. عبد العظيم فتحي خليل, محمد عبدالرحمن الشاغول. |
| 264 | 3 | 1 |
_aالقاهرة : _bدار جوامع الكلم، _c2003. |
| 300 | _a99 صفحة. | ||
| 650 | 1 | 7 | _aالأحاديث. |
| 650 | 1 | 7 | _aالأولياء. |
| 700 | 1 |
_aخليل، عبد العظيم فتحي _eمحقق. |
|
| 700 | 1 |
_aالشاغول، محمد عبد الرحمن _eمحقق. |
|
| 942 |
_2ddc _cBK |
||
| 999 |
_c78527 _d78527 |
||